| 000 | 00842nam a2200217 a 4500 | ||
|---|---|---|---|
| 001 | 000464801 | ||
| 003 | AM-YeHGA | ||
| 005 | 20250618072524.0 | ||
| 008 | 051121s1949 ai |||||r|||||||||1|arm|d | ||
| 040 | _aAM-YeHGA | ||
| 041 | 0 | _aarm | |
| 100 | 1 |
_aՔոչարյան, Մելիք Թադևոսի, _d1911-1992 _91302 |
|
| 245 | 1 | 0 |
_aԿինը ուսադիրներով : _b(Պիես 3 գործողությամբ) / _cՄ. Քոչարյան ; ՀՍՍՌ ժող. ստեղծագործության տուն. |
| 260 |
_aԵրևան : _bԱ. հ, _c1949. |
||
| 300 | _a60 էջ | ||
| 500 | _aՕր. պատճենահանված է | ||
| 650 | 1 | 4 |
_aՀայ գրականություն _xԹատերգություն |
| 856 | 4 | 1 |
_uhttps://arar.sci.am/dlibra/publication/404429/edition/373782/content _yԿարդալ առցանց |
| 942 |
_2udc _cBK |
||
| 090 | _c170921 | ||
| 999 |
_c169487 _d169487 |
||